La hoja voladora /

Guardado en:
Autor Principal: Pedroni, José
Formato: Libro
Publicado: Buenos Aires : Eudeba, 1961
Series:Del Siglo y Medio, 311
Etiquetas: Agregar Etiqueta
Sin Etiquetas, Sea el primero en etiquetar este registro!
LEADER 00499nam a22001695a 4500
001 CEM.cems004967
005 20060217000000.0
008 130507s1961##################000#0#####d
003 CEMS
082 0 4 |a A861.4 
100 1 |a Pedroni, José 
245 1 0 |a La hoja voladora / 
260 |a Buenos Aires :  |b Eudeba,  |c 1961 
300 |a 101 p. 
490 0 |a Del Siglo y Medio, 311 
859 |a CEMS  |b BIB. CEMS - 11 de abril  |h A861.4  |i P343  |p 9142.81  |t Ej.1 
859 |a CEMS  |b BIB. CEMS - 11 de abril  |h A861.4  |i P343  |p 9466.81  |t Ej.2